Lettres de l'alphabet dans l'ordre en 15 secondes - Statistiques

Statistiques générales
  • Ce quiz a été pris 530 fois
  • Le résultat moyen est 23 sur 26
Statistiques - réponses
Numéro de lettre Lettre de l'alphabet % Correct
1 A
100%
2 B
97%
3 C
97%
4 D
96%
5 E
96%
6 F
96%
7 G
95%
8 H
95%
9 I
94%
10 J
92%
11 K
91%
12 L
91%
13 M
90%
14 N
89%
15 O
88%
16 P
88%
17 Q
85%
18 R
84%
19 S
84%
20 T
84%
21 U
83%
22 V
82%
23 W
80%
24 X
75%
25 Y
73%
26 Z
71%
Aucun quiz correspondant
Distribution des résultats
% des personnes avec chaque résultat
Percentile par nombre de réponses
Votre historique - résultats
Vous n’avez pas pris ce quiz